000 01672cam a22004574i 4500
003 PE-LiUPU
005 20250731172945.0
008 150623s1997 nyua rb 000 0 eng d
020 _a0486274276
035 _a(Sirsi) i9780486274270
040 _aPE-LiUPU
_bspa
_cPE-LiUPU
_erda
049 _aPRUA
082 0 4 _a200.932
_bQ69
_221
100 1 _aQuirke, Stephen,
_eautor.
245 1 0 _aAncient Egyptian religion /
_cStephen Quirke.
264 1 _aNew York :
_bBritish Museum Press,
_c1997.
300 _a192 páginas :
_bilustraciones láms. ;
_c24 centímetros
336 _atext
_2rdacontent
337 _aunmediated
_2rdamedia
338 _avolume
_2rdacarrier
504 _aIncluye bibliografía.
505 0 _aEgyptian beliefs -- Power in heaven -- The sun-god -- Power on earth -- Osiris and Horus -- Preserving the universe -- Kinship and cult -- Surviving life -- Protection of the body -- Surviving death -- Transfiguración.
526 _aSEG42
526 _aSEG41
526 _aSEG40
526 _aSEG39
526 _aP94
526 _aP87
526 _aP86
526 _aP85
526 _aP77
526 _aP76
526 _aP35
650 1 4 _aEgipto
_xReligión
_yÉpoca antigua.
942 _2ddc
_cBOOK
949 _a200.932 Q69
_wDEWEY
_c1
_i44737
_lCCODEBUL1
_mBUL
_r0
_sY
_tBOOK
_u2015-6-24
_xTEOLOGIA
_PP35
_0COMPRA
_o.STAFF. Colección Teología
994 _aC0
_bPEPRU
596 _a1
999 _a200.932 Q69
_wDEWEY
_c21603
_i44737
_f2021-11-9
_g5
_lCCODEBUL1
_mBUL
_p20.00
_r0
_sY
_tBOOK
_u2015-6-24
_xTEOLOGIA
_PP35
_0COMPRA
_o.STAFF. Colección Teología
_d21603
980 _81
_gALBERTO SANCHEZ Responsable de Automatización